| 000 | 00356nam a2200133Ia 4500 | ||
|---|---|---|---|
| 005 | 20251222144800.0 | ||
| 008 | 251222s9999||||xx |||||||||||||| ||spa|| | ||
| 020 | _a88-15-11457-2 | ||
| 082 | _a658.022/A62 | ||
| 100 | _aAntoldi, Fabio | ||
| 245 | 0 | _aPiccole Imprese e Distretti Industriali: | |
| 264 | _bSocietá editricew il Mulino Bologna | ||
| 942 | _cLIB | ||
| 999 |
_c19671 _d19671 |
||